Systém finančného riadenia a financovania životného prostredia z prostriedkov Európskej únie

Guardado en:
Detalles Bibliográficos
Autor principal: Korauš, Antonín
Formato: Capítulo de libro
Lenguaje:eslovaco
Etiquetas: Agregar Etiqueta
Sin Etiquetas, Sea el primero en etiquetar este registro!

MARC

LEADER 00000naa$a2200000$$$4500
001 0121694
005 20240502072359.5
041 0 |a slo 
044 |a SK 
245 1 0 |a Systém finančného riadenia a financovania životného prostredia z prostriedkov Európskej únie  |c Anton Korauš 
100 1 |a Korauš, Antonín